Construction Transport Efficiency from the Perspective of Main Contractor and Transporter.

Bibliographic Details
Main Author: Naz, Farah.
Format: eBook
Language:English
Published: Linköping : Linkopings Universitet, 2022.
Edition:1st ed.
Series:Linköping Studies in Science and Technology. Licentiate Thesis Series
Subjects:
Online Access:Click to View
LEADER 02064nam a22003853i 4500
001 EBC30229617
003 MiAaPQ
005 20240729202204.0
006 m o d |
007 cr cnu||||||||
008 240729s2022 xx o ||||0 eng d
020 |a 9789179292744  |q (electronic bk.) 
020 |z 9789179292737 
035 |a (MiAaPQ)EBC30229617 
035 |a (Au-PeEL)EBL30229617 
035 |a (OCoLC)1366124929 
040 |a MiAaPQ  |b eng  |e rda  |e pn  |c MiAaPQ  |d MiAaPQ 
100 1 |a Naz, Farah. 
245 1 0 |a Construction Transport Efficiency from the Perspective of Main Contractor and Transporter. 
250 |a 1st ed. 
264 1 |a Linköping :  |b Linkopings Universitet,  |c 2022. 
264 4 |c {copy}2022. 
300 |a 1 online resource (106 pages) 
336 |a text  |b txt  |2 rdacontent 
337 |a computer  |b c  |2 rdamedia 
338 |a online resource  |b cr  |2 rdacarrier 
490 1 |a Linköping Studies in Science and Technology. Licentiate Thesis Series ;  |v v.1930 
505 0 |a Intro -- Abstract -- Acknowledgments -- Thesis Outline -- Contents -- List of Figures -- List of Tables -- List of Terminologies -- 1 Introduction -- 2 Contextual Background -- 3 Frame of reference -- 4 Method -- 5 Summary of appended papers -- 6 Results -- 7 Conclusion and Discussion -- 8 Limitations and further research -- Bibliography -- Papers. 
588 |a Description based on publisher supplied metadata and other sources. 
590 |a Electronic reproduction. Ann Arbor, Michigan : ProQuest Ebook Central, 2024. Available via World Wide Web. Access may be limited to ProQuest Ebook Central affiliated libraries.  
655 4 |a Electronic books. 
776 0 8 |i Print version:  |a Naz, Farah  |t Construction Transport Efficiency from the Perspective of Main Contractor and Transporter  |d Linköping : Linkopings Universitet,c2022  |z 9789179292737 
797 2 |a ProQuest (Firm) 
830 0 |a Linköping Studies in Science and Technology. Licentiate Thesis Series 
856 4 0 |u https://ebookcentral.proquest.com/lib/matrademy/detail.action?docID=30229617  |z Click to View